书目信息 |
| 题名: |
英文反义字手册
|
|
| 作者: | ChanKP 编著 | |
| 分册: | ||
| 出版信息: | 香港 万里书店 不详 |
|
| 页数: | 171页 | |
| 开本: | 20cm | |
| 丛书名: | ||
| 单 册: | ||
| 中图分类: | H313.2 | |
| 科图分类: | ||
| 主题词: | 英语 | |
| 电子资源: | ||
| ISBN: | ||
| 000 | 00519nam0 2200193 45 | |
| 001 | 0405060855 | |
| 005 | 20040506085028.6 | |
| 010 | @dCNY1.30 | |
| 100 | @a20040506d不详 km y0chiy0120 ea | |
| 101 | 0 | @achi |
| 105 | @a z 000yy | |
| 200 | 1 | @a英文反义字手册@AYing Wen Fan Yi Zi Shou Ce@fChan K P编著@FChan K P Bian Zhu |
| 210 | @a香港@c万里书店@d不详 | |
| 215 | @a171页@d20cm | |
| 606 | 0 | @a英语 |
| 690 | @aH313.2@v3 | |
| 701 | 0 | @aChanKP@4编著 |
| 801 | @aCN@bPftUser@c20040506 | |
| 905 | @f3@b205792-794@dH313.2@e109 | |
| 英文反义字手册/Chan K P编著.-香港:万里书店,不详 |
| 171页;20cm |
| ISBN :CNY1.30 |
| ● |
| 相关链接 |
|
|
|
|
正题名:英文反义字手册
索取号:H313.2/109
 
预约/预借
| 序号 | 登录号 | 条形码 | 馆藏地/架位号 | 状态 | 备注 |
| 1 | 0205792 | 001384424 | 密集书库/ [索取号:H313.2/109] | 在馆 | |
| 2 | 0205793 | 001384380 | 密集书库/ [索取号:H313.2/109] | 在馆 | |
| 3 | 0205794 | 001384371 | 密集书库/ [索取号:H313.2/109] | 在馆 |